Mi Error REMIX - Eladio Carrión, Wisin & Yandel, Zion & Lennox, Lunay - Estadísticas

Estadísticas generales
  • Esta prueba ha sido intentada 127 veces
  • La puntuación promedio es 340 de 494
Estadísticas de respuestas
Letra % Correcto
error
96%
Y
94%
y
94%
a
92%
mi
92%
de
90%
favor
90%
me
90%
Me
90%
o
90%
te
90%
Te
90%
90%
tu
90%
Tu
90%
90%
yo
90%
el
86%
en
86%
favorito
86%
fuí
86%
Por
86%
por
86%
que
86%
qué
86%
No
84%
no
84%
fuiste
82%
Fuiste
82%
he
82%
le
82%
lo
82%
necesito
82%
82%
se
82%
es
80%
Es
80%
la
80%
si
80%
Si
80%
un
80%
baby
78%
Baby
78%
corazón
78%
mal
78%
Ojalá
78%
Pa
78%
pa
78%
uno
78%
visto
78%
con
76%
al
74%
Antes
74%
antes
74%
como
74%
Como
74%
dejes
74%
las
74%
los
74%
mejor
74%
enamores
72%
jodes
72%
mejores
72%
mucho
72%
pero
72%
Pero
72%
razón
72%
rompa
72%
alguien
70%
calle
70%
color
70%
detalles
70%
dime
70%
Dime
70%
errores
70%
falle
70%
humor
70%
pasó
70%
paso
70%
sepa
70%
sin
70%
tus
70%
buscar
68%
Hoy
68%
hoy
68%
puedo
68%
ojos
66%
algo
64%
amas
64%
aprendiendo
64%
Aunque
64%
aunque
64%
crece
64%
cuando
64%
Cuando
64%
desnuda
64%
interior
64%
Mírame
64%
Porque
64%
porque
64%
ropa
64%
sepas
64%
bien
62%
buscabas
62%
calles
62%
deseo
62%
levanté
62%
Quisiera
62%
andaba
60%
hace
60%
quiero
60%
encima
58%
esto
58%
hice
58%
normal
58%
vas
58%
estás
56%
fallen
56%
perdóname
56%
estuvieras
54%
extraño
54%
hacer
54%
heriste
54%
tiempos
54%
vienes
52%
estos
50%
pudiéndote
50%
saber
50%
ya
50%
Ya
50%
engaño
48%
eres
48%
hagas
48%
olor
48%
perfectos
48%
quieras
48%
solo
48%
Ahora
46%
amantes
46%
daño
46%
detrás
46%
digo
46%
hieras
46%
quien
46%
hizo
44%
veo
44%
Entras
42%
juego
42%
juro
42%
nevera
42%
pase
42%
pudiera
42%
quieres
42%
tienes
42%
una
42%
caliente
40%
compromiso
40%
cuello
40%
decisiones
40%
Ey
40%
mente
40%
nuevo
40%
será
40%
voy
40%
alcohol
38%
aparte
38%
Besarte
38%
besarte
38%
cintura
38%
cocina
38%
cuerpo
38%
diferente
38%
dímelo
38%
manera
38%
más
38%
mientes
38%
ni
38%
sea
38%
tomaste
38%
cama
36%
corriente
36%
igual
36%
Igual
36%
lentamente
36%
mes
36%
olvidarte
36%
peor
36%
abraces
34%
Agarrarte
34%
amar
34%
bebé
34%
casa
34%
contestar
34%
infeliz
34%
llamar
34%
pasaba
34%
pegarte
34%
ayuda
32%
bendiciones
32%
borré
32%
desde
32%
eso
32%
estés
32%
importa
32%
miras
32%
Nadie
32%
olvidarme
32%
otra
32%
recuerdes
32%
rompiste
32%
Sabiendo
32%
sigue
32%
sola
32%
tarde
32%
tengo
32%
todo
32%
allí
30%
ayer
30%
encuentres
30%
envolví
30%
fallar
30%
final
30%
número
30%
pales
30%
pone
30%
quería
30%
sientes
30%
canciones
28%
conmigo
28%
hablen
28%
Hacértelo
28%
jodí
28%
mierda
28%
Siempre
28%
Soy
28%
trate
28%
conocí
26%
dedicarte
26%
escribir
26%
llueven
26%
Mai
26%
molesta
26%
patrás
26%
evidente
24%
preguntar
18%
ves
10%
yal
10%
No se encontraron pruebas coincidentes
Distribución de puntuación
Porcentaje de gente con cada puntuación
Porcentaje por número respondido
Historial de tus puntuaciones
No has intentado esta prueba.